[Event "Wroclaw Anderssen Memorial op-B"]
[Site "Wroclaw"]
[Date "2023.??.??"]
[Round "4"]
[White "Antczak, Marcin"]
[Black "Witkowski, Michal"]
[Result "0-1"]
[WhiteElo "1534"]
[BlackElo "1228"]
[PlyCount "72"]
[EventDate "2023.08.06"]
[EventType "swiss"]
[EventRounds "9"]
[EventCountry "POL"]
[SourceTitle "EXT 2024"]
[Source "ChessBase"]
[SourceDate "2023.10.10"]
[SourceVersion "1"]
[SourceVersionDate "2023.10.10"]
[SourceQuality "1"]

1. d4 Nf6 2. c4 g6 3. Nc3 d5 4. Qb3 e6 5. cxd5 exd5 6. Bg5 Nc6 7. Nf3 Na5 8. Qa4+ Nc6 9. Ne5 Be7 10. Bxf6 Bxf6 11. Nxc6 bxc6 12. Qxc6+ Bd7 13. Qxd5 0-0 14. e3 Rb8 15. b3 Be6 16. Qf3 Bg7 17. Rc1 c5 18. Be2 cxd4 19. exd4 Bxd4 20. 0-0 Qa5 21. Na4 Rfe8 22. Rfd1 Rbd8 23. h3 Bd5 24. Qd3 Be4 25. Qc4 Qg5 26. Bf1 Qf4 27. Rxd4 Rxd4 28. Qc5 Rd5 29. Qc6 Red8 30. Re1 Rd4 31. Qc5 Rd1 32. Re3 Bd3 33. Rxd3 R8xd3 34. Nc3 Rxf1+ 35. Kxf1 Qc1+ 36. Ke2 Qc2+ 0-1